000
00475nam a2200157Ia 4500
008
090711s9999 xx 000 0 und d
082
_b
17877
100
_a
आपटे ना. ह.
245
_a
आराम विराम
260
_b
आपटे आणि मंडळी
_c
1949
600
_a
आपटे ना. ह.
630
_a
आराम विराम
700
_a
आपटे ना. ह.
730
_a
आराम विराम
942
_c
BOOK
999
_c
328223
_d
328223